000 01748cam a22003494a 4500
001 13104291
003 NUST
005 20230124152049.0
008 030226s2004 njua b 001 0 eng
010 _a 2003041744
020 _a0896039323 (alk. paper)
040 _aDLC
_cDLC
_dDLC
042 _apcc
050 0 0 _aRB155.6
_b.M65 2004
082 0 0 _a616.042
_221
245 0 0 _aMolecular diagnosis of genetic diseases /
_cedited by Rob Elles and Roger Mountford.
250 _a2nd ed.
260 _aTotowa, N.J. :
_bHumana Press,
_cc2010.
300 _ax, 387 p. :
_bill. ;
_c24 cm.
440 0 _aMethods in molecular medicine ;
_v92
_9107551
504 _aIncludes bibliographical references and index.
505 _aOptimizing PCR for Clinical Diagnosis -- Current and Emerging Techniques for Diagnostic Mutation Detection -- Mutation Scanning for the Clinical Laboratory -- Comparative Sequence Analysis -- Gene Dosage Analysis -- Prenatal Detection of Chromosome Aneuploidy -- Fragile X Disease -- Huntington's Disease -- Hematological Applications -- Cystic Fibrosis -- Familial Adenomatous Polyposis
650 0 _aGenetic disorders
_xMolecular diagnosis
_vLaboratory manuals.
_9107552
700 1 _aElles, Rob.
_9107553
700 1 _aMountford, Roger.
_9107554
856 4 1 _3Table of contents
_uhttp://www.loc.gov/catdir/toc/fy042/2003041744.html
856 4 2 _3Book review (E-STREAMS)
_uhttp://www.e-streams.com/es0707/es0707_3380.html
856 4 2 _3Publisher description
_uhttp://www.loc.gov/catdir/enhancements/fy0825/2003041744-d.html
906 _a7
_bcbc
_corignew
_d1
_eocip
_f20
_gy-gencatlg
942 _2ddc
_cBK
999 _c592980
_d592980